Statistiques concernant Ville à pays n°7

Cliquez ici pour prendre le quiz!

Statistiques générales

  • Ce quiz a été pris 109 fois
  • Le résultat moyen est 10 sur 15

Statistiques - réponses

VilleEt pays% Correct
BostonÉtats-Unis
100%
CalaisFrance
98%
SuezEgypte
90%
IekaterinbourgRussie
85%
MonterreyMexique
81%
TegucigalpaHonduras
80%
Alice SpringsAustralie
75%
GentBelgique
69%
DodomaTanzanie
61%
DjeddahArabie saoudite
57%
BenghaziLibye
51%
UppsalaSuède
46%
AlmatyKazakhstan
42%
DaugavpilsLettonie
30%
IbadanNigeria
21%

Distribution des résultats

Percentile par nombre de réponses

% des personnes avec chaque résultat

Votre développement - résultats

Vous n’avez pas pris ce quiz